| 000 | 01159cam a22002773a 4500 | ||
|---|---|---|---|
| 001 | 8597 | ||
| 003 | PGUSA | ||
| 005 | 20140828083202.0 | ||
| 008 | 050701s2005||||xxu|||||s|||||000 1 eng d | ||
| 040 |
_aPGUSA _beng |
||
| 042 | _adc | ||
| 050 | 4 | _aPG | |
| 100 | 1 |
_aTurgenev, Ivan Sergeevich, _d1818-1883 |
|
| 245 | 1 | 2 |
_aA Sportsman's Sketches : _bWorks of Ivan Turgenev, Volume I _h[electronic resource] / _cIvan Sergeevich Turgenev |
| 260 |
_bProject Gutenberg, _c2005 |
||
| 505 | 0 | _aHor and Kalinitch -- Yermolaï and the miller's wife -- Raspberry Spring -- The district doctor -- My neighbor Radilov -- The peasant proprietor Ovsyanikov -- Lgov -- Byezhin prairie -- Kassyan of Fair Springs -- The agent -- The counting-house -- Biryuk -- Two country gentlemen -- Lebedyan. | |
| 506 | _aPublic domain in the USA. | ||
| 516 | _aElectronic text | ||
| 653 | _aRussia -- Social life and customs -- Fiction | ||
| 653 | _aPeasants -- Russia -- Fiction | ||
| 653 | _aCountry life -- Russia -- Fiction | ||
| 700 | 1 |
_aGarnett, Constance, _d1861-1946 |
|
| 830 | 0 |
_aProject Gutenberg _v8597 |
|
| 856 | 4 | 0 | _uhttp://www.gutenberg.org/ebooks/8597 |
| 942 | _cEB | ||
| 999 |
_c237897 _d237897 |
||